Statistiques concernant Quiz sur les Aristochats (Disney)

Cliquez ici pour prendre le quiz!

Statistiques générales

  • Ce quiz a été pris 510 fois
  • Le résultat moyen est 11 sur 17

Statistiques - réponses

QuestionRéponse% Correct
Marie
97%
Comment s'appellent les trois chatons ?Berlioz
96%
Comment s'appelle la chatte blanche, mère des trois chatons ?Duchesse
95%
Toulouse
93%
De quel instrument joue le chaton noir ?Du piano
91%
Dans quelle ville se déroule l'histoire ?Paris
90%
Comment s'appelle le chat de gouttière roux ?Thomas O'Malley
89%
De quelle espèce sont Amélie, Amélia et leur Oncle Waldo ?Oie
82%
Quel art le chaton roux pratique-t-il ?La peinture
81%
Comment s'appelle la souris qui y trempe un biscuit ?Roquefort
56%
Quel est le métier du propriétaire du camion dans lequel montent les chats pour retourner chez eux ?Laitier
51%
Comment s'appellent les deux chiens qui poursuivent Edgar sur sa moto ?Napoléon
48%
Lafayette
39%
À quelle ville est destinée la malle dans laquelle Edgar se retrouve enfermé à la fin du film ?Tombouctou
38%
Comment Edgar appelle-t-il le goûter qu'il sert aux chats pour les endormir ?{Suprême} {de} {crème} à la Edgar
25%
Quel chanteur et acteur français interprète le générique du film ?Maurice Chevalier
15%
Complétez cette citation de Scat-cat : "Un scat c'est un chanteur de jazz. Un scat-cat c'est un chanteur qui chante sans..."dire les paroles
4%

Distribution des résultats

Percentile par nombre de réponses

% des personnes avec chaque résultat

Votre développement - résultats

Vous n’avez pas pris ce quiz